| 000 | 004920000a22001810004500 | ||
|---|---|---|---|
| 003 | MACL | ||
| 005 | 20151027154517.0 | ||
| 008 | 151027b xxu||||| |||| 00| 0 eng d | ||
| 040 |
_aMACL _cMACL |
||
| 041 | _aEnglish | ||
| 082 | _a332/SOU | ||
| 100 |
_aSoundarapandian, Dr. M. _917057 |
||
| 245 | _aEconomic Reforms and Small Scale Industries | ||
| 260 |
_bConcept Publishing Company _c2009 _aNew Delhi |
||
| 350 | _a550 | ||
| 650 |
_aFinancial Economics _917058 |
||
| 942 |
_cBK _k332/SOU _2ddc |
||
| 999 |
_c44646 _d44646 |
||